000 00670nam a2200229Ia 4500
003 0100
005 20160211085828.0
008 130303s9999 xx 000 0 und d
020 _a0854940103
040 _cARRUPELIB
050 _aREF. PL8843.D658 1982
100 _aDoke, Clement Marilyn
_922253
245 _aEnglish-Zulu dictionary
260 _aJohannesburg
260 _bWitwatersrand University Press
_c1958
300 _a342p.
300 _b 19cm
650 _aEnglish language
_xDictionaries
_xZulu
_922254
650 _aZulu language
_xDictionaries
_xEnglish
_922255
700 _aMalcolm, D. Mck and Sikakana, J.M.A.
_922256
942 _2lcc
_cMONOGRAPH
999 _c62101
_d62101